Squadra dell'anno UEFA 2003 - Statistics

Statistiche generali
  • Questo quiz è stato fatto 12 volte
  • Il punteggio medio è 10 su 11
Statistiche sulle risposte
Ruolo Nazione Squadra Giocatore % Corretto
Centrocampista Inghilterra Manchester Utd / Real Madrid David Beckham
100%
Portiere Italia Juventus Gianluigi Buffon
100%
Difensore Italia Milan Paolo Maldini
100%
Centrocampista Repubblica Ceca Juventus Pavel Nedvěd
100%
Attaccante Francia Arsenal Thierry Henry
100%
Centrocampista Francia Real Madrid Zinédine Zidane
100%
Difensore Italia Milan Alessandro Nesta
92%
Centrocampista Portogallo Real Madrid Luís Figo
92%
Difensore Brasile Real Madrid Roberto Carlos
92%
ATAttaccante Paesi Bassi Manchester Utd Ruud van Nistelrooij
92%
Difensore Portogallo Porto Paulo Ferreira
42%
Nessun quiz corrispondente trovato
Distribuzione punteggi
Percentuale di utenti per punteggio
Percentile per numero di risposta
I tuoi punteggi nel tempo
Non hai fatto questo quiz